[Event "2.BLS 0203 SK Viernheim - Heidelberg HS"]
[Site "?"]
[Date "2003.03.30"]
[Round "9.3"]
[White "Schwalfenberg, Joerg"]
[Black "Mandel, Andreas"]
[Result "1/2-1/2"]
[WhiteElo "2360"]
[BlackElo "2367"]
[PlyCount "41"]
[EventDate "2003.??.??"]

1. d4 Nf6 2. Nf3 g6 3. c3 Bg7 4. Bg5 O-O 5. Nbd2 d5 6. e3 Nbd7 7. Bd3 Re8 8.
O-O e5 9. dxe5 Nxe5 10. Nxe5 Rxe5 11. Bh4 c6 12. Qb3 Qb6 13. Rfe1 Re8 14. e4
Be6 15. exd5 Nxd5 16. Bc4 Nf4 17. Bxe6 Rxe6 18. Rxe6 Nxe6 19. Re1 Qxb3 20. Nxb3
a5 21. a4 1/2-1/2

[Event "2.BLS 0203 SK Viernheim - Heidelberg HS"]
[Site "?"]
[Date "2003.03.30"]
[Round "9.4"]
[White "Wegerle, Joerg"]
[Black "Roos, Jean-Luc"]
[Result "0-1"]
[WhiteElo "2365"]
[BlackElo "2307"]
[PlyCount "134"]
[EventDate "2003.??.??"]

1. e4 e6 2. d4 d5 3. Nc3 Bb4 4. e5 c5 5. a3 Bxc3+ 6. bxc3 Ne7 7. Qg4 O-O 8. Bd3
f5 9. exf6 Rxf6 10. Bg5 Rf7 11. Qh5 g6 12. Qd1 Nbc6 13. Nf3 Qf8 14. O-O c4 15.
Be2 h6 16. Bc1 Qg7 17. a4 Bd7 18. Ba3 Rd8 19. Qd2 Be8 20. Rfe1 g5 21. Bd1 Rf6
22. Bxe7 Nxe7 23. Ne5 Nf5 24. Ng4 Rg6 25. Ne5 Rf6 26. Bg4 Nd6 27. f3 h5 28. Bh3
Kh7 29. g3 Qg8 30. Re2 Rc8 31. a5 Rc7 32. Rf1 Rg7 33. Ref2 Kh8 34. Bg2 Qh7 35.
h3 Nf5 36. Kh2 {(=)} g4 37. fxg4 hxg4 38. Rxf5 Rxf5 39. Rxf5 Qxf5 40. hxg4 Qg5
41. Qf2 Kg8 42. Bf3 Rh7+ 43. Kg1 Qc1+ 44. Qf1 Qxc2 45. Bg2 Qxc3 46. Qf4 Qxa5
47. g5 Qb6 48. Ng4 Qb1+ 49. Bf1 Rf7 50. Nh6+ Kg7 51. Nxf7 Bxf7 52. Qf6+ Kg8 53.
Qd8+ Kh7 54. Qe7 Qg6 55. Qxb7 Kg7 56. Qxa7 Qxg5 57. Kf2 Qd2+ 58. Kf3 Kf6 59.
Qb6 Bh5+ 60. g4 Qd1+ {(=)} 61. Be2 Bxg4+ 62. Kf4 Qd2+ 63. Kxg4 Qxe2+ 64. Kf4
Qe4+ 65. Kg3 Kf5 66. Qc7 Qg4+ 67. Kf2 Qf4+ 0-1

[Event "2.BLS 0203 SK Viernheim - Heidelberg HS"]
[Site "?"]
[Date "2003.03.30"]
[Round "9.5"]
[White "Nippgen, Georg"]
[Black "Seret, Jean-Luc"]
[Result "0-1"]
[WhiteElo "2256"]
[BlackElo "2310"]
[PlyCount "36"]
[EventDate "2003.??.??"]

1. Nf3 g6 2. d4 Bg7 3. Bf4 d6 4. e3 Nd7 5. h3 e5 6. Bh2 Ne7 7. c4 exd4 8. Nxd4
O-O 9. Nc3 Nc6 10. Nxc6 bxc6 11. Qd2 Qg5 12. Rc1 Re8 13. Bg3 Rb8 14. Be2 Nc5
15. Bf3 Rxb2 16. Qd1 Rxe3+ 17. Be2 Nd3+ 18. Kf1 Rexe2 0-1

[Event "2.BLS 0203 SK Viernheim - Heidelberg HS"]
[Site "?"]
[Date "2003.03.30"]
[Round "9.6"]
[White "Crut, Aurelien"]
[Black "Neunhoeffer, Helmut Dr"]
[Result "1-0"]
[WhiteElo "2333"]
[BlackElo "2337"]
[PlyCount "76"]
[EventDate "2003.??.??"]

1. e4 e5 2. Nf3 Nc6 3. Bb5 Nf6 4. Bxc6 dxc6 5. d3 Bd6 6. Nbd2 Qe7 7. Nc4 h6 8.
Bd2 Bg4 9. h3 Bh5 10. g4 Bg6 11. Qe2 Nd7 12. Ne3 O-O-O 13. O-O-O Nc5 14. Kb1
Ne6 15. Nf5 Qf8 16. Be3 c5 17. c3 f6 18. Nd2 Bf7 19. Nc4 g6 20. Nfxd6+ cxd6 21.
d4 Qe7 22. d5 Nc7 23. b4 b6 24. bxc5 dxc5 25. Ka1 f5 26. f3 Qf6 27. Rb1 Rd7 28.
Rb3 Na8 29. Rhb1 Kd8 30. Na5 Rc7 31. Qa6 Ke7 32. Nc6+ Kf8 33. Ne7 Kg7 34. Nc6
fxe4 35. fxe4 Qf3 36. Qd3 Qxh3 37. Nxe5 Rcc8 38. Nxf7 Qf3 1-0

[Event "2.BLS 0203 SK Viernheim - Heidelberg HS"]
[Site "?"]
[Date "2003.03.30"]
[Round "9.7"]
[White "Syska, Albert"]
[Black "Carbonnel, Pierre"]
[Result "1/2-1/2"]
[WhiteElo "2250"]
[BlackElo "2263"]
[PlyCount "98"]
[EventDate "2003.??.??"]

1. e4 c5 2. Nf3 d6 3. d4 cxd4 4. Nxd4 Nf6 5. Nc3 g6 6. g3 Nc6 7. Bg2 Nxd4 8.
Qxd4 Bg7 9. h3 O-O 10. Qe3 Be6 11. O-O Nd7 12. Nd5 Ne5 13. Rb1 Qd7 14. Kh2 f5
15. exf5 Bxf5 16. Qb3 Be6 17. f4 Nc6 18. c3 Kh8 19. Bd2 Bf5 20. Rbe1 e5 21. Bc1
Bd3 22. Rf2 Rae8 23. Qd1 e4 24. b3 b5 25. Bb2 a5 26. c4 bxc4 27. bxc4 Nb4 28.
Ne3 Bxb2 29. Rxb2 Qg7 30. Qa1 Rb8 31. f5 Nc6 32. Rxb8 Nxb8 33. g4 Qxa1 34. Rxa1
Nd7 35. Kg3 Rb8 36. Kf4 Rb2 37. Bh1 Nf6 38. Nd5 Nxd5+ 39. cxd5 Rf2+ 40. Ke3 Rh2
41. Bxe4 Rxh3+ 42. Kd4 Bxe4 43. Kxe4 Rh4 44. Kf4 h5 45. Rg1 Kg7 46. Kg5 Rxg4+
47. Rxg4 hxg4 48. Kxg4 Kf6 49. fxg6 Kxg6 1/2-1/2

[Event "2.BLS 0203 SK Viernheim - Heidelberg HS"]
[Site "?"]
[Date "2003.03.30"]
[Round "9.8"]
[White "Spiegel, Stefan Dr"]
[Black "Pielmeier, Thomas"]
[Result "1-0"]
[WhiteElo "2288"]
[BlackElo "2218"]
[PlyCount "71"]
[EventDate "2003.??.??"]

1. e4 e5 2. Nf3 Nc6 3. Bb5 a6 4. Ba4 Nf6 5. d3 d6 6. O-O Be7 7. c3 O-O 8. Re1
Re8 9. Nbd2 Bf8 10. Nf1 g6 11. h3 Bg7 12. Ne3 h6 13. b4 d5 14. Qc2 b5 15. Bb3
Be6 16. Bb2 Qd7 17. a4 dxe4 18. Bxe6 Qxe6 19. dxe4 Ne7 20. Nd2 Nh5 21. c4 c6
22. Nb3 Nf4 23. Kh2 Rad8 24. Nc5 Qc8 25. axb5 cxb5 26. Nd5 Nexd5 27. cxd5 Rd6
28. Re3 f5 29. Rc3 Qa8 30. g3 Nh5 31. Ne6 Rdxe6 32. dxe6 Nf6 33. exf5 Ne4 34.
Rc7 gxf5 35. Qc6 Qxc6 36. Rxc6 1-0

[Event "2.BLS 0203 SK Bebenhausen - Karlsruher "]
[Site "?"]
[Date "2003.03.30"]
[Round "9.1"]
[White "Delemarre, Jop"]
[Black "Gheng, Josef"]
[Result "0-1"]
[WhiteElo "2418"]
[BlackElo "2314"]
[PlyCount "68"]
[EventDate "2003.??.??"]

1. d4 Nf6 2. c4 g6 3. Nc3 d5 4. Nf3 Bg7 5. Bg5 dxc4 6. e4 O-O 7. Bxc4 c6 8. a3
Nbd7 9. O-O Nb6 10. Ba2 Bg4 11. Be3 Ne8 12. e5 Nc7 13. Rc1 Qd7 14. Ne4 Rad8 15.
h3 Bf5 16. Nc5 Qc8 17. Nh4 Be6 18. Nxe6 Nxe6 19. Nf3 Nd5 20. Qc2 f5 21. exf6
exf6 22. Rcd1 Kh8 23. Rfe1 Qd7 24. Bc1 Rfe8 25. Re4 f5 26. Ree1 Qc7 27. b4 a6
28. Bb3 Qd6 29. Ne5 Qf8 30. Nf3 Nxd4 31. Nxd4 Rxe1+ 32. Rxe1 Bxd4 33. Bg5 Bf6
34. Qb2 Bxb2 0-1

[Event "2.BLS 0203 SK Bebenhausen - Karlsruher "]
[Site "?"]
[Date "2003.03.30"]
[Round "9.2"]
[White "Gohil, Harry"]
[Black "Arnold, Lothar"]
[Result "1/2-1/2"]
[WhiteElo "2354"]
[BlackElo "2360"]
[PlyCount "158"]
[EventDate "2003.??.??"]

1. d4 d5 2. Bg5 h6 3. Bh4 c6 4. Nf3 Qb6 5. b3 Bf5 6. e3 Nd7 7. Be2 e6 8. O-O
Be7 9. c4 Ngf6 10. c5 Qd8 11. b4 O-O 12. Nc3 Ne4 13. Nxe4 Bxe4 14. Bg3 Bxf3 15.
Bxf3 Bh4 16. Qb3 Bxg3 17. hxg3 f5 18. b5 Rf7 19. bxc6 bxc6 20. Rab1 Nf6 21. Qa4
Rc7 22. Rb2 Ne4 23. Qa5 Qe7 24. Rfb1 Kh7 25. Be2 e5 26. Ba6 Re8 27. Rb7 Rxb7
28. Rxb7 Qf6 29. Qb4 Re7 30. Rxe7 Qxe7 31. Bc8 exd4 32. Bxf5+ g6 33. Bxe4 Qxe4
34. exd4 Qe7 35. Kf1 h5 36. Qb8 a5 37. Qb1 Qf6 38. Qd3 Qg5 39. Qc3 a4 40. Ke2
Qg4+ 41. Kd2 Qe4 42. f3 Qb1 43. Qa3 Qb5 44. Ke3 Kg7 45. g4 hxg4 46. fxg4 Qa5
47. Kf3 Qb5 48. Qe3 Qc4 49. Kf4 Qf1+ 50. Kg3 Qb5 51. Qe5+ Kh7 52. g5 a3 53.
Qe7+ Kg8 54. Qe8+ Kg7 55. Qd7+ Kg8 56. Qd8+ Kh7 57. Qc7+ Kg8 58. Qc8+ Kg7 59.
Qd7+ Kg8 60. Qe8+ Kg7 61. Qe5+ Kh7 62. Qf6 Qd3+ 63. Kh2 Qe4 64. Kh3 Qd3+ 65.
Kh2 Qe4 66. Qf2 Kg8 67. Kh3 Qe6+ 68. Kg3 Qe4 69. Qf4 Qe1+ 70. Kh2 Kg7 71. Kh3
Qh1+ 72. Kg3 Qe1+ 73. Qf2 Qe4 74. Qf6+ Kh7 75. Qxc6 Qe3+ 76. Kh2 Qf4+ 77. Kh3
Qf5+ 78. Kh2 Qf4+ 79. Kh3 Qf5+ 1/2-1/2

[Event "2.BLS 0203 SK Bebenhausen - Karlsruher "]
[Site "?"]
[Date "2003.03.30"]
[Round "9.3"]
[White "Werner, Clemens"]
[Black "Hoensch, Matthias"]
[Result "1-0"]
[WhiteElo "2351"]
[BlackElo "2312"]
[PlyCount "85"]
[EventDate "2003.??.??"]

1. e4 e6 2. d4 d5 3. Nc3 Nf6 4. e5 Nfd7 5. f4 c5 6. Nf3 Nc6 7. Be3 a6 8. a3
cxd4 9. Nxd4 Bc5 10. Qd2 Bxd4 11. Bxd4 Nxd4 12. Qxd4 Qb6 13. O-O-O Qxd4 14.
Rxd4 Nb8 15. Rd2 Bd7 16. Be2 Nc6 17. Bf3 O-O 18. b3 Rac8 19. Kb2 b5 20. Rhd1
Rc7 21. Bg4 Bc8 22. Bh3 h6 23. g3 Kh7 24. Ne2 g5 25. Nd4 gxf4 26. Nxc6 Rxc6 27.
gxf4 f6 28. Rg1 fxe5 29. fxe5 Rc7 30. Bf1 Rg7 31. Bd3+ Kh8 32. Rxg7 Kxg7 33.
Rg2+ Kh8 34. Rg6 Rf3 35. Rxh6+ Kg8 36. Kc3 Rf4 37. Rh7 d4+ 38. Kb4 Rf8 39. Ra7
Rd8 40. Be4 Bd7 41. Ra8 Rxa8 42. Bxa8 Be8 43. Be4 1-0

[Event "2.BLS 0203 SK Bebenhausen - Karlsruher "]
[Site "?"]
[Date "2003.03.30"]
[Round "9.4"]
[White "Lorscheid, Gerhard"]
[Black "Gerstner, Wolfgang"]
[Result "1/2-1/2"]
[WhiteElo "2307"]
[BlackElo "2374"]
[PlyCount "105"]
[EventDate "2003.??.??"]

1. d4 d5 2. c4 c6 3. Nc3 Nf6 4. e3 e6 5. Nf3 Nbd7 6. Qc2 Bd6 7. g4 dxc4 8. Bxc4
Nd5 9. Bd2 a5 10. Ne4 Be7 11. g5 Nb4 12. Qc1 b6 13. a3 Nd5 14. Rg1 Bb7 15. Qc2
Rc8 16. Ne5 Nxe5 17. dxe5 Kf8 18. Rd1 Qc7 19. f4 c5 20. Bc1 Qc6 21. Nd6 Bxd6
22. exd6 b5 23. Bf1 c4 24. e4 Nb6 25. Be3 Nd7 26. e5 g6 27. Bg2 Qa6 28. Bxb7
Qxb7 29. Qg2 Qxg2 30. Rxg2 h6 31. h4 hxg5 32. hxg5 Rh3 33. Kf2 c3 34. Rc1 b4
35. axb4 axb4 36. bxc3 bxc3 37. Rg3 Rh2+ 38. Rg2 Rh3 39. Ke2 Ke8 40. Rgg1 Rh2+
41. Kd3 c2 42. Rh1 Rxh1 43. Rxh1 Nb6 44. Bd2 Nd5 45. Ra1 Nb4+ 46. Ke2 Nd5 47.
Kd3 Nb4+ 48. Kd4 c1=Q 49. Rxc1 Rxc1 50. Bxc1 Kd7 51. Bd2 Na6 52. Kc4 Kc6 53.
Be3 1/2-1/2

[Event "2.BLS 0203 SK Bebenhausen - Karlsruher "]
[Site "?"]
[Date "2003.03.30"]
[Round "9.6"]
[White "Maeurer, Christoph Dr"]
[Black "Karst, Elmar"]
[Result "1/2-1/2"]
[WhiteElo "2330"]
[BlackElo "2280"]
[PlyCount "26"]
[EventDate "2003.??.??"]

1. g3 g6 2. Bg2 Bg7 3. c4 c5 4. Nc3 Nc6 5. a3 Nf6 6. Nh3 O-O 7. Nf4 a6 8. Rb1
Rb8 9. b4 cxb4 10. axb4 b5 11. cxb5 axb5 12. h4 e6 13. Rg1 d5 {(=)} 1/2-1/2

[Event "2.BLS 0203 SK Bebenhausen - Karlsruher "]
[Site "?"]
[Date "2003.03.30"]
[Round "9.7"]
[White "Bach, Edwin"]
[Black "Stoll, Ferdinand"]
[Result "1-0"]
[WhiteElo "2302"]
[BlackElo "2277"]
[PlyCount "77"]
[EventDate "2003.??.??"]

1. c4 f5 2. g3 Nf6 3. Bg2 g6 4. Nc3 d6 5. Nf3 Bg7 6. O-O O-O 7. d3 Nc6 8. Rb1
Nh5 9. Bd2 f4 10. b4 Bg4 11. Nd5 fxg3 12. hxg3 Qd7 13. Kh2 Ne5 14. Nxe5 Bxe5
15. Ne3 Rxf2 16. Rxf2 Bxg3+ 17. Kg1 Bxf2+ 18. Kxf2 Rf8+ 19. Kg1 Ng3 20. Bd5+
Kg7 21. Bc3+ e5 22. Rb2 h5 23. Be1 Nf5 24. Nxg4 hxg4 25. Qc1 c6 26. Bg2 Qd8 27.
e3 Qg5 28. Bc3 Nd4 29. Bxd4 exd4 30. Re2 c5 31. bxc5 dxc5 32. Qb2 Re8 33. exd4
Rxe2 34. Qxe2 cxd4 35. Bxb7 g3 36. Kg2 Qf4 37. Bf3 Qh4 38. Qe5+ Kh7 39. Qxg3
1-0